Gestió de serveis ambientals i polítiques locals : jornada : 4 de maig de 1995 jornada :
Descripción Física:
15, [44] p. ; 30 cm
Materias:
Política ambiental
MARC
| LEADER | 00000nam a2200000Ia 4500 | ||
|---|---|---|---|
| 001 | 24243 | ||
| 008 | 160829s1995 xx 000 0 cat d | ||
| 080 | |a Bib-203 | ||
| 245 | |a Gestió de serveis ambientals i polítiques locals : |b jornada : |b 4 de maig de 1995 | ||
| 260 | |a Barcelona : |b Diputació de Barcelona. Servei de Medi Ambient, |c 1995 | ||
| 300 | |a 15, [44] p. ; |c 30 cm | ||
| 590 | |a Inclou el programa de mà de les jornades celebrades a l'Escola Industrial (Barcelona) el 4 de maig de 1995 | ||
| 650 | 0 | |a Política ambiental |9 25771 | |
| 710 | 1 | |a Barcelona (Catalunya : Província). |b Servei de Medi Ambient |9 53475 | |
| 901 | |a Arxiu | ||
| 942 | |n 1 | ||
| 952 | |0 0 |1 0 |4 0 |6 BIB203 |7 1 |9 55624 |a Arxiu |b Arxiu |d 2016-12-01 |l 0 |o Bib-203 |p 24243 |r 2016-12-01 00:00:00 |w 2016-12-01 |y ARXIU | ||
| 999 | |c 59497 |d 59497 | ||